La Roumanie pour les touristes... - Facile - Statistiques

Statistiques générales
  • Ce quiz a été pris 79 fois
    71 depuis la dernière actualisation
  • Le résultat moyen est 11 sur 20
Statistiques - réponses
Question Indice Réponses Indice facile % Correct
Le suffixe internet est ro
100%
Quelle est la langue officielle ? Roumain
100%
Quelles autres langues sont répandues ? F Français
97%
Quelles autres langues sont répandues ? H Hongrois
97%
Quelles autres langues sont répandues ? A Anglais
82%
Quelles sont les principales villes touristiques ? B Bucarest
80%
Dans la capitale y-a-t-il un décalage horaire avec Paris ? (oui/non) Oui
77%
La conduite se fait à droite ou à gauche ? Droite
72%
La vitesse sur autoroute est limitée à {130} km/h
67%
Quelles sont les principales villes touristiques ? B Brasov BRAVOS
64%
Le taux d'alcoolémie toléré au volant est de {0} g/l
61%
Quelles sont les principales villes touristiques ? O Oradea ADORAE
57%
Quelles sont les principales villes touristiques ? S Sibiu BUISI
52%
Quelles sont les principales villes touristiques ? S Sighisoara ASSOIRAIGH
36%
Quelle est la monnaie ? Leu roumain
34%
Achats à faire 3/ Se fabrique avec de l'argile Céramique
16%
Achats à faire 1/ Vêtement féminin Chemisier Haut
13%
La religion majoritaire est Orthodoxisme O
13%
Quels parc national peut-on visiter ? C Ceahlau ACAULEH
10%
Achats à faire 2/ Décorés mais pas par la poule Oeufs peints
7%
Aucun quiz correspondant
Distribution des résultats
% des personnes avec chaque résultat
Percentile par nombre de réponses
Votre historique - résultats
Vous n’avez pas pris ce quiz depuis la dernière actualisation